01908cam a2200409 a 4500001001400000003000800014005001700022006001900039007001500058008004100073020003800114040003000152049002600182050002600208082001700234245010500251260002700356300004800383490004400431505014900475520031100624521001700935588004700952504004100999650002301040655002901063700002201092710001601114740004301130740003001173740006201203776003501265830004501300856011801345942001601463999001901479EDZ0000116318StDuBDS20161031105110.0m||||||||d||||||||cr |||||||||||130111s2005 enk fo| 000|0|eng d a9781446261101 (ebook) :cNo price aStDuBDSbengcStDuBDSepn aAlfaisal Main Library 0aHF5415.32b.C654 200504a658.834222300aConsumer behavior Ih[electronic resource] :bresearch and influences /cedited by Margaret K. Hogg. aLondon :bSAGE,c2005. a1 online resource (3 v. (various pagings)).1 aSAGE library in business and management0 av. 1. Consumer behavior as a field of study -- v. 2. Consumer decision-making -- v. 3. Consumer socialization: childhood, children and families.8 aContaining classic and contemporary writings, including the most widely cited and influential papers that examine consumer behaviour as a field of study, this volume looks at consumer decision-making, consumer socialization, and concentrates on studies of childhood, children and family consumer behaviour. aSpecialized. aDescription based on print version record. aIncludes bibliographical references. 0aConsumer behavior. 7aElectronic books.2local1 aHogg, Margaret K.2 aSage eBooks02aConsumer behavior as a field of study.02aConsumer decision-making.02aConsumer socialization: childhood, children and families.08iPrint version :z9781412908412 0aSAGE library in business and management.40uhttp://ezproxy.alfaisal.edu/login?url=http://sk.sagepub.com/navigator/consumer-behavior-i-research-and-influences 2lcccEBOOKS c479285d479285